书目信息 |
| 题名: |
陶瓷工程机械使用与维护
|
|
| 作者: | 李伟 主编 | |
| 分册: | 实训指导 | |
| 出版信息: | 北京 经济管理出版社 2017 |
|
| 页数: | 160页 | |
| 开本: | 26cm | |
| 丛书名: | 陶瓷技术应用系列实训指导 | |
| 单 册: | ||
| 中图分类: | TQ174.5 | |
| 科图分类: | ||
| 主题词: | 陶瓷工业--tao ci gong ye--工程机械--维修 | |
| 电子资源: | ||
| ISBN: | 978-7-5096-4894-0 | |
| 000 | 01071nam 2200241 450 | |
| 001 | 2331324231 | |
| 005 | 20231218144901.37 | |
| 010 | @a978-7-5096-4894-0@dCNY29.00, CNY58.00 (全2册) | |
| 100 | @a20180815d2017 em y0chiy50 ea | |
| 101 | 0 | @achi |
| 102 | @aCN@b110000 | |
| 105 | @aak z 000yy | |
| 200 | 1 | @a陶瓷工程机械使用与维护@Atao ci gong cheng ji xie shi yong yu wei hu@h实训指导@f李伟主编 |
| 210 | @a北京@c经济管理出版社@d2017 | |
| 215 | @a160页@c图@d26cm | |
| 225 | 2 | @a陶瓷技术应用系列实训指导@Atao ci ji shu ying yong xi lie shi xun zhi dao |
| 330 | @a本书介绍了陶瓷企业常用几种工程机械, 如叉车、挖掘机、装载机等设备的结构组成、技术运用、维护保养和常见故障原因与排除方法。它较系统地介绍了陶瓷企业常用工业电气设备的结构、工作原理、分类与用途, 型号及技术数据、选择、安装、运行与维护, 常见故障及处理方法等方面的专业技术常用资料。 | |
| 410 | 0 | @12001 @a陶瓷技术应用系列实训指导 |
| 606 | 0 | @a陶瓷工业@Atao ci gong ye@x工程机械@x维修 |
| 690 | @aTQ174.5@v5 | |
| 701 | 0 | @a李伟@Ali wei@4主编 |
| 801 | 0 | @aCN@b湖北三新@c20180815 |
| 905 | @aZUCC@dTQ174.5@e1:2 | |
| 陶瓷工程机械使用与维护.实训指导/李伟主编.-北京:经济管理出版社,2017 |
| 160页:图;26cm.-(陶瓷技术应用系列实训指导) |
| ISBN 978-7-5096-4894-0:CNY29.00, CNY58.00 (全2册) |
| 本书介绍了陶瓷企业常用几种工程机械, 如叉车、挖掘机、装载机等设备的结构组成、技术运用、维护保养和常见故障原因与排除方法。它较系统地介绍了陶瓷企业常用工业电气设备的结构、工作原理、分类与用途, 型号及技术数据、选择、安装、运行与维护, 常见故障及处理方法等方面的专业技术常用资料。 |
| ● |
| 相关链接 |
|
|
|
正题名:陶瓷工程机械使用与维护
索取号:TQ174.5/1:2
 
预约/预借
| 序号 | 登录号 | 条形码 | 馆藏地/架位号 | 状态 | 备注 |
| 1 | 2001456320 | 2001456320 | 214主题书屋/ [索取号:TQ174.5/1:2] | 在馆 | |
| 2 | 2001456321 | 2001456321 | 214主题书屋/ [索取号:TQ174.5/1:2] | 在馆 | |
| 3 | 2001456322 | 2001456322 | 214主题书屋/ [索取号:TQ174.5/1:2] | 在馆 | |
| 4 | 2001456323 | 2001456323 | 204主题书屋/ [索取号:TQ174.5/1:2] | 在馆 | |
| 5 | 2001456324 | 2001456324 | 204主题书屋/ [索取号:TQ174.5/1:2] | 在馆 | |
| 6 | 2001456325 | 2001456325 | 204主题书屋/ [索取号:TQ174.5/1:2] | 在馆 | |
| 7 | 2001456326 | 2001456326 | 204主题书屋/ [索取号:TQ174.5/1:2] | 在馆 | |
| 8 | 2001456327 | 2001456327 | 214主题书屋/ [索取号:TQ174.5/1:2] | 在馆 | |
| 9 | 2001456328 | 2001456328 | 214主题书屋/ [索取号:TQ174.5/1:2] | 在馆 | |
| 10 | 2001456329 | 2001456329 | 216-217主题书屋/ [索取号:TQ174.5/1:2] | 在馆 | |
| 11 | 2001456330 | 2001456330 | 216-217主题书屋/ [索取号:TQ174.5/1:2] | 在馆 | |
| 12 | 2001456331 | 2001456331 | 216-217主题书屋/ [索取号:TQ174.5/1:2] | 在馆 | |
| 13 | 2001456332 | 2001456332 | 216-217主题书屋/ [索取号:TQ174.5/1:2] | 在馆 | |
| 14 | 2001456333 | 2001456333 | 216-217主题书屋/ [索取号:TQ174.5/1:2] | 在馆 | |
| 15 | 2001456334 | 2001456334 | 216-217主题书屋/ [索取号:TQ174.5/1:2] | 在馆 | |
| 16 | 2001456335 | 2001456335 | 214主题书屋/ [索取号:TQ174.5/1:2] | 在馆 | |
| 17 | 2001456336 | 2001456336 | 214主题书屋/ [索取号:TQ174.5/1:2] | 在馆 | |
| 18 | 2001456337 | 2001456337 | 214主题书屋/ [索取号:TQ174.5/1:2] | 在馆 | |
| 19 | 2001456338 | 2001456338 | 214主题书屋/ [索取号:TQ174.5/1:2] | 在馆 | |
| 20 | 2001456339 | 2001456339 | 214主题书屋/ [索取号:TQ174.5/1:2] | 在馆 |